Международные стандарты учета и финансовой отчетности: учебник

Dettagli Bibliografici
Autore principale: Палий В. Ф. Виталий Федорович
Riassunto:Заглавие с титульного экрана
Электронная версия печатной публикации
Режим доступа: из корпоративной сети ТПУ
Lingua:russo
Pubblicazione: Москва, Инфра-М, 2007
Serie:Высшее образование
Soggetti:
Accesso online:http://www.lib.tpu.ru/fulltext2/m/2009/consultant/paliy.pdf
Natura: MixedMaterials Elettronico Libro
KOHA link:https://koha.lib.tpu.ru/cgi-bin/koha/opac-detail.pl?biblionumber=133584

MARC

LEADER 00000nlm0a2200000 4500
001 133584
005 20231031135400.0
035 |a (RuTPU)RU\TPU\book\144782 
090 |a 133584 
100 |a 20080319d2007 k y0rusy50 ca 
101 0 |a rus 
102 |a RU 
105 |a y j 001zy 
135 |a vrcn ---uucaa 
181 0 |a i  
182 0 |a b 
200 1 |a Международные стандарты учета и финансовой отчетности  |b Электронный ресурс  |e учебник  |f В. Ф. Палий 
203 |a Текст  |c электронный 
210 |a Москва  |c Инфра-М  |d 2007 
225 1 |a Высшее образование 
230 |a 1 компьютерный файл (pdf; 3714 KB) 
300 |a Заглавие с титульного экрана 
300 |a Электронная версия печатной публикации 
333 |a Режим доступа: из корпоративной сети ТПУ 
337 |a Adobe Reader 
610 1 |a экономика 
610 1 |a бухгалтерский учет 
610 1 |a бухгалтерская отчетность 
610 1 |a финансовая отчетность 
610 1 |a международные стандарты 
610 1 |a денежные средства 
610 1 |a активы 
610 1 |a амортизация 
610 1 |a материальные активы 
610 1 |a нематериальные активы 
610 1 |a условные активы 
610 1 |a финансовые инструменты 
610 1 |a займы 
610 1 |a затраты 
610 1 |a выручка 
610 1 |a государственные субсидии 
610 1 |a консолидированная отчетность 
610 1 |a вознаграждение 
610 1 |a пенсионное обеспечение 
610 1 |a банковские операции 
610 1 |a прибыль 
610 1 |a убытки 
610 1 |a страховая деятельность 
610 1 |a учет 
610 1 |a учебники 
610 1 |a электронный ресурс 
675 |a 657.22(075.8)  |v 3 
675 |a 657.6(075.8)  |v 3 
700 1 |a Палий  |b В. Ф.  |g Виталий Федорович 
801 1 |a RU  |b 63413507  |c 20080319  |g PSBO 
801 2 |a RU  |b 63413507  |c 20090507  |g PSBO 
856 4 |u http://www.lib.tpu.ru/fulltext2/m/2009/consultant/paliy.pdf 
942 |c CF